| 000 | 00967nam a22003617a 4500 | ||
|---|---|---|---|
| 001 | BR2020000070 | ||
| 003 | BR-BrBNA | ||
| 005 | 20230928105501.0 | ||
| 007 | ta | ||
| 008 | 230509b bl.||||| |||| 00| 0 por d | ||
| 020 | _a978-85-7295-073-2 | ||
| 040 |
_aBR-BrBNA _bpor _cBiblioteca Nacional de Agricultura |
||
| 041 | _a(Por) | ||
| 072 | _aM40 | ||
| 090 | _ M40 BR2020000070 | ||
| 100 | 1 | _aSouza, R.A.L. de (org.) | |
| 110 | 1 |
_aUniversidade Federal Rural da Amazônia, Belém, PA (Brasil) _911201 |
|
| 245 | 1 | _aEcossistemas aquáticos. Bases para o conhecimento | |
| 260 | 3 |
_aBelém, PA (Brasil): _c2013. |
|
| 300 | _a204 p. | ||
| 500 | _aIncludes several bibliographies | ||
| 650 | _aECOLOGIA | ||
| 650 | _aÁGUA | ||
| 650 | _aQUÍMICA DA ÁGUA | ||
| 650 | _aÁGUA DOCE | ||
| 650 | _aLIMNOLOGIA | ||
| 650 | _aLAGO | ||
| 650 | _aRIO | ||
| 650 | _aMANGUE | ||
| 650 | _aICTIOLOGIA | ||
| 909 |
_a202309 _bLucia _c55 _dLucia Elande |
||
| 942 | _cBK | ||
| 999 |
_c85337 _d85337 |
||